000 00965cab a2200253 4500
001 WB3011-32
008 090401t1994 xxu||||| |||| 00| 0 eng d
035 _a(Sirsi) u4721
041 _aeng
245 _aEnforcing covenants
260 _c1994
350 _a0
490 _aTimes
_v18 March 1994, 34
490 _aIndependent
_v23 March 1994, 13(2)
520 _aRhone & another v Stephens (executrix)" HL 17 March 1994. Affirming the rule established by "Austerberry v Oldham Corporation" (1885), and dismissing an appeal by the plaintiffs, HL held that equity would enforce negative covenants against freehold land, but not positive ones against successors in title of that land.
650 _aAUSTERBERRY V OLDHAM CORPORATION 1885
650 _aNEGATIVE COVENANTS
650 _aPOSITIVE COVENANTS
650 _aSUCCESSORS IN TITLE
690 _aLAND-CASE LAW
690 _aPROPERTY LAW AND PRACTICE-CASE LAW
942 _n0
948 _c04/03/1997
999 _c2861
_d2861